|
|
|
|
| LEADER |
01583nam a2200421 a 4500 |
| 001 |
EBC515797 |
| 003 |
MiAaPQ |
| 005 |
20200520144314.0 |
| 006 |
m o d | |
| 007 |
cr cn||||||||| |
| 008 |
090918s2010 nyu s 001 0 eng |
| 010 |
|
|
|z 2009037626
|
| 020 |
|
|
|z 9780814414897 (hbk.)
|
| 020 |
|
|
|z 0814414893 (hbk.)
|
| 020 |
|
|
|a 9780814414903 (electronic bk.)
|
| 035 |
|
|
|a (MiAaPQ)EBC515797
|
| 035 |
|
|
|a (Au-PeEL)EBL515797
|
| 035 |
|
|
|a (CaPaEBR)ebr10382989
|
| 035 |
|
|
|a (CaONFJC)MIL252447
|
| 035 |
|
|
|a (OCoLC)609863619
|
| 040 |
|
|
|a MiAaPQ
|c MiAaPQ
|d MiAaPQ
|
| 043 |
|
|
|a a-ko---
|
| 050 |
|
4 |
|a HC467.96
|b .K47 2010
|
| 082 |
0 |
4 |
|a 330.95195
|2 22
|
| 100 |
1 |
|
|a Kim, Myung Oak,
|d 1971-
|
| 245 |
1 |
4 |
|a The new Korea
|h [electronic resource] :
|b an inside look at South Korea's economic rise /
|c Myung Oak Kim, Sam Jaffe.
|
| 260 |
|
|
|a New York :
|b AMACOM,
|c c2010.
|
| 300 |
|
|
|a vii, 280 p.
|
| 500 |
|
|
|a Includes index.
|
| 505 |
0 |
|
|a pt. 1. History -- pt. 2. Economics and trade -- pt. 3. Industries -- pt. 4. Society -- pt. 5. The future.
|
| 533 |
|
|
|a Electronic reproduction. Ann Arbor, MI : ProQuest, 2015. Available via World Wide Web. Access may be limited to ProQuest affiliated libraries.
|
| 651 |
|
0 |
|a Korea (South)
|x Economic conditions
|y 1988-
|
| 651 |
|
0 |
|a Korea (South)
|x Economic policy
|y 1988-
|
| 651 |
|
0 |
|a Korea (South)
|x Foreign economic relations.
|
| 655 |
|
4 |
|a Electronic books.
|
| 700 |
1 |
|
|a Jaffe, Sam.
|
| 710 |
2 |
|
|a ProQuest (Firm)
|
| 856 |
4 |
0 |
|u https://ebookcentral.proquest.com/lib/matrademy/detail.action?docID=515797
|z Click to View
|